000 00709nam a2200265Ia 4500
005 20260302115558.0
008 008 260114s9999 xx 000 0 eng d
020 _a9781408183281
037 _aTextbook
040 _aCRL
040 _beng
040 _cCRL
041 _2eng
041 _aeng
084 _qCRL
100 _aGary Day
_91122046
245 4 _aThe Story of Drama Tragedy, Comedy and Sacrifice from the Greeks to the Present
260 _bBloomsbury
260 _bMethuen Drama
260 _c2016
650 _aLiterary Studies
856 _uhttps://doi.org/10.5040/9781408183281?locatt=label:secondary_bloomsburyCollections
942 _cEBOOK
999 _c1686720
_d1686720